| 000 | 00884nas a2200289 4500 | ||
|---|---|---|---|
| 001 | BR2013009665 | ||
| 003 | BR-BrBNA | ||
| 005 | 20231205123320.0 | ||
| 007 | ta | ||
| 008 | 230509b bl.|||p| |||| 00| 00por d | ||
| 040 |
_aBR-BrBNA _bpor _cBiblioteca Nacional de Agricultura |
||
| 041 | _a(Pt) | ||
| 072 | _aU40; P01 | ||
| 100 | 1 | _aPeluzio, T.M. de O. | |
| 100 | 1 | _aSantos, A.R. dos | |
| 100 | 1 | _aFiedler, N.C. | |
| 100 | 1 | _aBauer, M. de O. | |
| 100 | 1 | _aGarcia, G. de O. | |
| 100 | 1 | _aSimão, J.B.P. | |
| 100 | 1 | _aPeluzio, J.B.E. | |
| 245 | 1 | _aComparação fotointerpretativa entre aerofoto e imagem de satélite | |
| 650 | _aSENSORIAMENTO REMOTO | ||
| 650 | _aPRESERVAÇÃO DA NATUREZA | ||
| 773 | 0 |
_tCiência Florestal (Brazil) _xISSN 0103-9954 _g(Jun 2013), v. 23(2) p. 537-544 _wBR2013009665 |
|
| 909 |
_a202311 _bLúcia _c55 _dLúcia Elande |
||
| 942 |
_2AGRIS _n0 _cANA |
||
| 999 |
_c233273 _d233273 |
||